000 004840000a22001930004500
003 LK-CoMWRAF
005 20230818060959.0
008 230817t2006 ||||| |||| 00| 0 eng d
020 _a9559734970
040 _aLK-CoMWRAF
_dLK-CoMWRAF
_eLK-CoMWRAF
041 _aeng
100 _aSherfudeen, A. Jinnah
245 _aThirunabi Kaviyam
260 _bAnnai Publication
_aSri Lanka (Maruthamunai)
_c2006
300 _ap.256
650 _aPoems
650 _aTamil Text
942 _cBK
999 _c2430
_d2430